|
|
|
|
| LEADER |
01225nam a2200277 a 4500 |
| 001 |
4327456 |
| 008 |
100110s1991 ne b 001 0 eng d |
| 010 |
|
|
|a 88003273
|
| 020 |
|
|
|a 9073052181
|
| 020 |
|
|
|a 155608059X
|
| 040 |
|
|
|a DLC
|c DLC
|d DLC
|d BD-DhAAL
|
| 082 |
0 |
0 |
|a 306/.4
|2 19
|
| 245 |
0 |
4 |
|a The Context of medicines in developing countries :
|b studies in pharmaceutical anthropology /
|c edited by Sjaak van der Geest and Susan Reynolds Whyte.
|
| 260 |
|
|
|a Dordrecht, the Netherlands ;
|a Boston, Mass. :
|b Kluwer Academic Publishers,
|c c1991.
|
| 300 |
|
|
|a xiii, 393 p. ;
|c 25 cm.
|
| 490 |
|
0 |
|a Culture, illness, and healing ;
|v v. 12
|
| 504 |
|
|
|a Includes bibliographical references and indexes.
|
| 541 |
1 |
|
|e 00012462
|
| 650 |
|
0 |
|a Materia medica
|z Developing countries.
|
| 650 |
|
0 |
|a Pharmaceutical industry
|z Developing countries.
|
| 650 |
|
0 |
|a Medical anthropology
|x Cross-cultural studies.
|
| 700 |
1 |
|
|a Geest, Sjaak van der,
|d 1943-
|
| 700 |
1 |
|
|a Whyte, Susan Reynolds.
|
| 852 |
4 |
|
|a Ayesha Abed Library
|j General shelf
|
| 999 |
|
|
|c 6842
|d 6842
|
| 952 |
|
|
|0 0
|1 0
|2 ddc
|4 0
|6 306_400000000000000_CON
|7 0
|9 7052
|a BRACUL
|b BRACUL
|c GEN
|d 2010-01-11
|l 0
|o 306.4 CON
|p 3010012462
|r 2010-01-11
|t 1
|w 2010-01-11
|y BK
|x Price not available in Register
|